00585nam a22002177a 450000500170000001000130001702000230003003500130005303700160006604000120008208200160009410000190011024500560012925000110018526000450019627000470024130000240028850000200031265000220033265000130035420170124110204.0 aA-939570 c295.00a8120313453 aA-939570 bCen Lib/Ret aDPLbEN a004.65bHAB aHabraken, Joe  aBig basics book of the internet /cby Joe Habraken  a2nd ed aNew DelhibPrentice hall of India c1998 bNew DelhiaM-97, Connaught circus e110001 axiv,477p.c25cm(Hb) aIncludes index  aComputer science  aInternet